00438nam a2200157Ia 4500020001100000082001800011245005600029260003900085300001000124504001900134650002800153650003100181650002000212650001900232700002900251 a-10905 a302.0954 INT- 0aInterrogating social capital: the Indian experience aNew DelhibSage Publicationsc2004 a335p. aincludes index aEconomic infrastructure aInfrastructure (Economics) aCapital - India aSocial capital aBhattacharyya, Dwaipayan